000 00714nam a22002537a 4500
003 UA-OsUOA
001 22689
007 ta
008 20031223b un ||||| |||| 00| 0 ukr d
100 _aКальченко А.Г.
090 _a164(075.8)
_bК17
942 _cBK
040 _aUA-OsUOA
_bukr
_cUA-OsUOA
_dUA-OsUOA
245 _aОснови логістики
_bнавч. пос.
300 _a135 с.
955 _a2
041 _aukr
080 _a164(075.8)
020 _a966-7923-89-0
260 _aКиїв
_bЗнання
_c1999
044 _aUA
650 7 _a16 Логіка. Епістемологія. Теорія пізнання. Методологія логіки
_2UDC
999 _c308917
_d308917